Proč a jak budovat síť vztahů

Širšie súvislosti budovania siete vzťahov. Otázka praktických skúseností ako aj osobnej stratégie. Poskytovanie pomoci a podpory ako najlepší spôsob, ako nadväzovať a posilňovať dobré vzťahy. Portfólio vzťahov. Jednotlivec v sieti vzťahov. Prístup k budovaniu portfólia vzťahov. Základom úspechu je p...

Descrizione completa

Salvato in:
Dettagli Bibliografici
Autore principale: Náhlovský, Pavel
Natura: Capitolo di libro
Lingua:ceco
Soggetti:
Tags: Aggiungi Tag
Nessun Tag, puoi essere il primo ad aggiungerne!!

MARC

LEADER 00000naa a2200000 4500
001 0119184
005 20231213140030.4
041 0 |a cze 
044 |a CZ 
245 1 0 |a Proč a jak budovat síť vztahů  |c Pavel Náhlovský 
520 |a Širšie súvislosti budovania siete vzťahov. Otázka praktických skúseností ako aj osobnej stratégie. Poskytovanie pomoci a podpory ako najlepší spôsob, ako nadväzovať a posilňovať dobré vzťahy. Portfólio vzťahov. Jednotlivec v sieti vzťahov. Prístup k budovaniu portfólia vzťahov. Základom úspechu je práca na sebe. 
610 2 0 |a vzťahy medziľudské 
610 2 0 |a vzťahy pracovné 
610 2 0 |a pracovníci 
610 2 0 |a zamestnanci 
610 2 0 |a partneri obchodní 
610 2 0 |a zákazníci 
610 2 0 |a manažéri 
610 2 0 |a správanie sociálne 
100 1 |a Náhlovský, Pavel